000 01051nam a2200229Ia 4500
003 Ost
005 20260507075135.0
008 260507s9999||||xx |||||||||||||| ||und||
020 _a6110189957
040 _cfsecg
041 _aara
082 _a330
100 _aياسين، سعد غالب
_eمؤلف
245 0 _aالأعمال الإلكترونية /
_c سعد غالب ياسين
260 _aعمان:
_bدار المناهج للنشر والتوزيع,
_c2006
300 _a338 صفحة؛
_bإيضاحات ؛
_c24 سم
520 _aالأسس النظرية والتقنية للأعمال الإلكترونية- نماذج الأعمال الإلكترونية- استراتيجية الأعمال الإلكترونية- تطبيقات الأعمال الإلكترونية- حالات دراسية في الأعمال الإلكترونية.
653 _aإدارة الاعمال
653 _aالأعمال الإلكترونية
700 _aالعلاق، بشير عباس
_eمؤلف ثانوي
942 _cكتاب
999 _c43262
_d43262